Dr. S. R. Lasker Library Online Catalogue

Home      Library Home      Institutional Repository      E-Resources      MyAthens      EWU Home

World investment report 1999 : (Record no. 2070)

MARC details
000 -LEADER
fixed length control field 00765nam a2200265Ia 4500
001 - CONTROL NUMBER
control field 2070
003 - CONTROL NUMBER IDENTIFIER
control field BD-DhEWU
005 - DATE AND TIME OF LATEST TRANSACTION
control field 20140818153410.0
008 - FIXED-LENGTH DATA ELEMENTS--GENERAL INFORMATION
fixed length control field 110604s1999 us g 000 0 eng d
020 ## - INTERNATIONAL STANDARD BOOK NUMBER
International Standard Book Number 9211124409
035 ## - SYSTEM CONTROL NUMBER
System control number (OCoLC)
040 ## - CATALOGING SOURCE
Original cataloging agency BD-DhEWU
Modifying agency BD-DhEWU
Language of cataloging eng
Transcribing agency BD-DhEWU
041 ## - LANGUAGE CODE
Language code of text/sound track or separate title ENG
082 04 - DEWEY DECIMAL CLASSIFICATION NUMBER
Classification number 332.624
Item number WOR 1999
110 ## - MAIN ENTRY--CORPORATE NAME
Corporate name or jurisdiction name as entry element United Nations,,
9 (RLIN) 17547
245 10 - TITLE STATEMENT
Title World investment report 1999 :
Remainder of title foreign direct investment and the challenge of development
260 ## - PUBLICATION, DISTRIBUTION, ETC. (IMPRINT)
Place of publication, distribution, etc New York :
Name of publisher, distributor, etc United Nations,
Date of publication, distribution, etc 1999.
300 ## - PHYSICAL DESCRIPTION
Extent xxxiv, 541 p. :
Other physical details ill ;
Dimensions 30 cm.
526 ## - STUDY PROGRAM INFORMATION NOTE
Program name Economics
590 ## - LOCAL NOTE (RLIN)
Local note Tahur Ahmed
653 #1 - INDEX TERM--UNCONTROLLED
Uncontrolled term Economics
Uncontrolled term Investments Foreign investment Economic development
942 ## - ADDED ENTRY ELEMENTS (KOHA)
Koha item type Ref.
Source of classification or shelving scheme Dewey Decimal Classification
953 ## - Fulltext in GSDL
Is Fulltext Available in GSDL? Not Avaialable
Holdings
Withdrawn status Lost status Source of classification or shelving scheme Damaged status Not for loan Collection code Home library Current library Shelving location Date acquired Cost, normal purchase price Total Checkouts Full call number Barcode Copy number Koha item type
    Dewey Decimal Classification   Not For Loan Non-fiction Dr. S. R. Lasker Library, EWU Dr. S. R. Lasker Library, EWU Reference Section 26/02/2003 0.00   332.624 WOR 1999 10757 C-1 Ref.